000 00633nam a2200253Ia 4500
003 OSt
005 20221007103525.0
006 a|||||r|||| 00| 0
007 ta
008 221006b |||||||| |||| 00| 0 eng d
024 _a13,422
037 _cTextual
040 _aLCO
_cLCO
_beng
041 _2eng
_aeng
082 _aZ8,181y7, M3
100 _aMason
_972196
245 0 _aCasebook of Australian Company Law
250 _a4th
260 _aSydney
_bButterworths & Co. Australia
_c1983
300 _a351
650 _aCOMPANY
942 _hZ8,181y7, M3
_cTEXL
999 _c1182985
_d1182985